Lengua y Literatura 5to. curso. Cuaderno de actividades Len 5 (Record no. 8228)

MARC details
000 -LEADER
campo de control de longitud fija 00384nam a2200145Ia 4500
001 - NÚMERO DE CONTROL
campo de control 1828
008 - DATOS DE LONGITUD FIJA--INFORMACIÓN GENERAL
campo de control de longitud fija 241024s9999 xx 000 0 und d
020 ## - NÚMERO INTERNACIONAL ESTÁNDAR DEL LIBRO
Número Internacional Estándar del Libro 84-8400-992-0
082 ## - NÚMERO DE LA CLASIFICACIÓN DECIMAL DEWEY
Número de clasificación RD/460/V857c/5
100 ## - ENTRADA PRINCIPAL--NOMBRE DE PERSONA
Nombre de persona Vicens Vives
245 #0 - MENCIÓN DEL TÍTULO
Título Lengua y Literatura 5to. curso. Cuaderno de actividades Len 5
260 ## - PUBLICACIÓN, DISTRIBUCIÓN, ETC.
Nombre del editor, distribuidor, etc. Ed. Taller
Fecha de publicación, distribución, etc. 1999
901 ## - ELEMENTOS DE DATOS A LOCAL LDA (RLIN)
a 29/9/2011 10:20:05 a.m.

No items available.

© 2024. Todos los Derechos Reservados. Desarrollado por IDEICE